[Event "BCF-chT3 0809 (4NCL)"]
[Site "Hinckley Island"]
[Date "2009.02.08"]
[Round "6.5"]
[White "Albrecht, Theo"]
[Black "Maguire, Robert"]
[Result "0-1"]
[WhiteElo "1840"]
[BlackElo "1702"]
[PlyCount "58"]
[EventDate "2008.10.18"]
[EventType "team-swiss"]
[EventRounds "11"]
[EventCountry "ENG"]
[SourceTitle "EXT 2010"]
[Source "ChessBase"]
[SourceDate "2010.11.25"]
[SourceVersion "1"]
[SourceVersionDate "2010.11.25"]
[SourceQuality "1"]
[WhiteTeam "Guildford V"]
[BlackTeam "KJCA Kings"]
[WhiteTeamCountry "ENG"]
[BlackTeamCountry "ENG"]

1. e4 e5 2. d3 Nf6 3. Nf3 Nc6 4. c3 Bc5 5. Be2 0-0 6. b4 Bd6 7. 0-0 Ne7 8. a4 c6 9. Na3 Bc7 10. Nc4 Ng6 11. Ne3 d5 12. Qc2 Nf4 13. Re1 Be6 14. Ng5 Bd7 15. Nf1 Nxe4 16. Nxe4 dxe4 17. Bxf4 exf4 18. dxe4 Qg5 19. Bf3 Rae8 20. Qd3 Bc8 21. b5 Re6 22. Nd2 Rh6 23. Qe2 Re8 24. Nf1 Ree6 25. Bg4 Reg6 26. f3 Bxg4 27. fxg4 Bb6+ 28. Kh1 Qc5 29. Nd2 Rxh2+ 0-1

[Event "BCF-chT4 0708 (4NCL)"]
[Site "England"]
[Date "2008.05.04"]
[Round "10.4"]
[White "Albrecht, Theo"]
[Black "Pakenham, John"]
[Result "1-0"]
[WhiteElo "1900"]
[BlackElo "1680"]
[PlyCount "101"]
[EventDate "2007.09.15"]
[EventType "team-swiss"]
[EventRounds "11"]
[EventCountry "ENG"]
[SourceTitle "EXT 2009"]
[Source "ChessBase"]
[SourceDate "2008.11.26"]
[SourceVersion "1"]
[SourceVersionDate "2008.11.26"]
[SourceQuality "1"]
[WhiteTeam "Guildford V"]
[BlackTeam "Halesowen"]
[WhiteTeamCountry "ENG"]
[BlackTeamCountry "ENG"]

1. e4 e5 2. d3 Nf6 3. Nf3 d6 4. Be2 Bg4 5. Nbd2 Be7 6. 0-0 Nbd7 7. c3 c5 8. a4 0-0 9. Qc2 h6 10. Re1 Qc7 11. Nc4 a5 12. Na3 Qc8 13. Nb5 Nh5 14. h3 Bxf3 15. Bxf3 Nf4 16. Bxf4 exf4 17. Qd2 Ne5 18. Qe2 Qd7 19. Rad1 Rfc8 20. d4 Nxf3+ 21. Qxf3 Bg5 22. e5 d5 23. Nd6 cxd4 24. Nxc8 Rxc8 25. Rxd4 Rc5 26. Red1 b6 27. Rxd5 Rxd5 28. Qxd5 Qxa4 29. Re1 Be7 30. Qa8+ Kh7 31. Qe4+ Qxe4 32. Rxe4 g5 33. Rd4 Bc5 34. Rd7 Kg6 35. Ra7 h5 36. Kf1 Kf5 37. Rxf7+ Kxe5 38. g4 hxg4 39. hxg4 Ke6 40. Rf5 Be7 41. Ke2 a4 42. Kd3 a3 43. bxa3 Bxa3 44. Rxg5 Kf6 45. Rf5+ Kg6 46. Rxf4 Kg5 47. Re4 Bc5 48. f3 Ba3 49. Kc4 Bd6 50. Kb5 Bc7 51. c4 1-0

[Event "BCF-chT4 0708 (4NCL)"]
[Site "England"]
[Date "2008.03.15"]
[Round "7.5"]
[White "Mayhew, Andrew"]
[Black "Albrecht, Theo"]
[Result "1-0"]
[WhiteElo "2015"]
[BlackElo "1900"]
[PlyCount "39"]
[EventDate "2007.09.15"]
[EventType "team-swiss"]
[EventRounds "11"]
[EventCountry "ENG"]
[SourceTitle "EXT 2009"]
[Source "ChessBase"]
[SourceDate "2008.11.26"]
[SourceVersion "1"]
[SourceVersionDate "2008.11.26"]
[SourceQuality "1"]
[WhiteTeam "Bristol II"]
[BlackTeam "Guildford V"]
[WhiteTeamCountry "ENG"]
[BlackTeamCountry "ENG"]

1. e4 d6 2. d4 Nf6 3. Nc3 Nbd7 4. Nf3 e5 5. Bc4 Be7 6. 0-0 c6 7. Qe2 b5 8. Bb3 a6 9. Rd1 Qc7 10. a4 b4 11. Nb1 a5 12. dxe5 dxe5 13. Bxf7+ Kxf7 14. Qc4+ Ke8 15. Ng5 Rf8 16. Ne6 Qb7 17. Nxg7+ Kd8 18. Ne6+ Ke8 19. Bh6 Nb6 20. Ng7# 1-0

[Event "BCF-chT4 0708 (4NCL)"]
[Site "England"]
[Date "2007.11.25"]
[Round "4.3"]
[White "Albrecht, Theo"]
[Black "Larter, Nick J"]
[Result "1/2-1/2"]
[WhiteElo "1900"]
[BlackElo "1780"]
[PlyCount "54"]
[EventDate "2007.09.15"]
[EventType "team-swiss"]
[EventRounds "11"]
[EventCountry "ENG"]
[SourceTitle "EXT 2009"]
[Source "ChessBase"]
[SourceDate "2008.11.26"]
[SourceVersion "1"]
[SourceVersionDate "2008.11.26"]
[SourceQuality "1"]
[WhiteTeam "Guildford V"]
[BlackTeam "Celtic Tigers II"]
[WhiteTeamCountry "ENG"]
[BlackTeamCountry "ENG"]

1. e4 e6 2. d3 b6 3. c3 Bb7 4. Nd2 c5 5. Ngf3 Nc6 6. Be2 g6 7. Qc2 Bg7 8. 0-0 Nge7 9. Re1 0-0 10. Nf1 d5 11. Ng3 d4 12. c4 Qd7 13. Bd1 Rac8 14. a3 a6 15. Bd2 f5 16. exf5 exf5 17. Qc1 Kh8 18. Bh6 Bxh6 19. Qxh6 Ng8 20. Qf4 Qc7 21. Qxc7 Rxc7 22. Ng5 Re7 23. Bf3 Rfe8 24. Kf1 Rxe1+ 25. Rxe1 Rxe1+ 26. Kxe1 Nd8 27. Bxb7 Nxb7 1/2-1/2

[Event "BCF-chT4 0607 (4NCL)"]
[Site "Sunningdale"]
[Date "2007.05.27"]
[Round "10.163"]
[White "Albrecht, Theo"]
[Black "Chapman, Timothy J"]
[Result "1-0"]
[WhiteElo "2025"]
[BlackElo "1840"]
[PlyCount "77"]
[EventDate "2006.09.16"]
[EventType "team"]
[EventRounds "11"]
[EventCountry "ENG"]
[SourceTitle "EXT 2008"]
[Source "ChessBase"]
[SourceDate "2007.11.25"]
[SourceVersion "1"]
[SourceVersionDate "2007.11.25"]
[SourceQuality "1"]
[WhiteTeam "Addlestone"]
[BlackTeam "Guildford V"]
[WhiteTeamCountry "ENG"]
[BlackTeamCountry "ENG"]

1. e4 e5 2. d3 Nf6 3. Nf3 d6 4. Be2 g6 5. c3 Bg7 6. h3 c6 7. Be3 Qc7 8. Nbd2 b5 9. 0-0 0-0 10. d4 Bb7 11. Qc2 Nbd7 12. Rfc1 d5 13. b3 dxe4 14. Nxe4 Nd5 15. a3 f5 16. Neg5 Rae8 17. h4 Nxe3 18. fxe3 e4 19. Nd2 Qg3 20. Nf1 Qxh4 21. Nh3 Bh6 22. c4 a6 23. a4 f4 24. exf4 Bxf4 25. Nxf4 Rxf4 26. Nh2 Qf2+ 27. Kh1 Rh4 28. Bg4 Qg3 29. Bh3 Nf6 30. Qd1 Bc8 31. Qe1 Qxe1+ 32. Rxe1 Bxh3 33. gxh3 Rxh3 34. Rab1 Ng4 35. Re2 e3 36. Rf1 Rf8 37. Kg1 Rxf1+ 38. Nxf1 Rg3+ 39. Nxg3 1-0

[Event "BCF-chT4 0506 (4NCL)"]
[Site "West Bromwich"]
[Date "2006.05.27"]
[Round "9.4"]
[White "Graham, Neil"]
[Black "Albrecht, Theo"]
[Result "1/2-1/2"]
[WhiteElo "1930"]
[BlackElo "1855"]
[PlyCount "65"]
[EventDate "2005.11.05"]
[EventType "team"]
[EventRounds "11"]
[EventCountry "ENG"]
[SourceTitle "CBM 109 Extra"]
[Source "ChessBase"]
[SourceDate "2006.01.03"]
[SourceVersion "2"]
[SourceVersionDate "2006.01.03"]
[SourceQuality "1"]
[WhiteTeam "Nottinghamshire II"]
[BlackTeam "Addlestone"]
[WhiteTeamCountry "ENG"]
[BlackTeamCountry "ENG"]

1. d4 d6 2. e4 Nf6 3. f3 Nbd7 4. c4 e5 5. d5 Be7 6. Bd3 a5 7. Nc3 h6 8. Be3 Nf8 9. Nge2 g5 10. Qd2 Ng6 11. 0-0-0 Nf4 12. g3 Nxe2+ 13. Bxe2 Rg8 14. Rhg1 Kf8 15. Kb1 Rg7 16. f4 Ng4 17. fxe5 Nxe5 18. Bd4 f6 19. Rgf1 Bg4 20. Bxe5 Bxe2 21. Bxf6 Bxf6 22. Qxe2 Kg8 23. Rd3 Qe7 24. Nd1 Rf8 25. Rdf3 Rgf7 26. Qc2 Be5 27. Rxf7 Rxf7 28. Rxf7 Qxf7 29. Ne3 Kh7 30. Qe2 b6 31. Nf5 Qf6 32. Ne3 Qf7 33. Nf5 1/2-1/2